Consecuencias jurídicas del delito: regulación y datos de la respuesta a la infracción penal en España

Salvato in:
Dettagli Bibliografici
Autori principali: Gil Gil, Alicia (Autore), Lacruz López, Juan Manuel (Autore), Melendo Pardos, Mariano (Autore), Núñez Fernández, José (Autore)
Natura: Libro
Lingua:spagnolo
Pubblicazione: Madrid Dykinson S.L 2018
Edizione:1a. ed
Soggetti:
Tags: Aggiungi Tag
Nessun Tag, puoi essere il primo ad aggiungerne!!

MARC

LEADER 00000cam a2200000 a 4500
001 UCC8260
003 CL-VaPUC
005 20240819123708.0
008 190617e20180000sp |||||||||||||||||spa|d
020 |a 9788491485346 
040 |c Pontificia Universidad Católica de Valparaíso 
082 0 4 |a 346.4606  |b GIL  |2 21 
100 |a Gil Gil, Alicia  |e author  |9 603590 
245 1 0 |a Consecuencias jurídicas del delito: regulación y datos de la respuesta a la infracción penal en España 
250 |a 1a. ed 
260 |a Madrid  |b Dykinson S.L  |c 2018 
300 |a 549 p 
583 |a last modification  |c 20190617 11:18:00  |k Rodrigo Vera 
650 0 |a Derecho penal español  |9 368528 
650 0 |a Delitos  |9 224143 
700 0 |a Lacruz López, Juan Manuel  |e author  |9 602918 
700 0 |a Melendo Pardos, Mariano  |e author  |9 602919 
700 0 |a Núñez Fernández, José  |e author  |9 602920 
942 |c BK 
945 |d 20190617 11:18:00  |a dcastane 
999 |c 374620  |d 374618 
952 |0 0  |1 0  |3 erb  |4 0  |6 346_460600000000000_GIL_2018  |7 0  |8 A  |9 493242  |a BIBDER  |b BIBDER  |i 5551579  |l 3  |m 2  |o 346.4606 GIL 2018  |p 5551579  |r 2024-09-09  |s 2024-08-12  |w 2019-11-24  |y BK  |z Catalogado en:20190617  |k DER